Current Good Manufacturing Practices Food Plant Sanitation
Kaydedildi:
| Yazar: | |
|---|---|
| Materyal Türü: | Kitap |
| Dil: | Undetermined |
| Baskı/Yayın Bilgisi: |
USA
CTI
1994
|
| Konular: | |
| Etiketler: |
Etiketle
Etiket eklenmemiş, İlk siz ekleyin!
|
| Thư viện lưu trữ: | Trung tâm Học liệu Trường Đại học Cần Thơ |
|---|
| LEADER | 00560nam a2200181Ia 4500 | ||
|---|---|---|---|
| 001 | CTU_38845 | ||
| 008 | 210402s9999 xx 000 0 und d | ||
| 082 | |a 664.02 | ||
| 082 | |b G696 | ||
| 100 | |a Wilbur A Gould | ||
| 245 | 0 | |a Current Good Manufacturing Practices Food Plant Sanitation | |
| 245 | 0 | |c Wilbur A Gould | |
| 260 | |a USA | ||
| 260 | |b CTI | ||
| 260 | |c 1994 | ||
| 650 | |a food handling,food industry and trade - sanitation,food processing plants - sanitation | ||
| 904 | |i Sáng, 991105 | ||
| 980 | |a Trung tâm Học liệu Trường Đại học Cần Thơ | ||